000 00341nam a2200133Ia 4500
005 20260328101520.0
008 260328s9999||||xx |||||||||||||| ||und||
100 _aGozard, Gilles
245 0 _aDemain L'Amerique Latine /
_cGilles Gozard
260 _bPresses Universitaires de France
300 _a247 p.
650 _aURBANISMO
942 _cBK
999 _c9541
_d9541